000 01114nam a2200313 a 4500
001 000112204
003 CHAP
005 20220329144250.0
008 160114s2015 mx a |r| ||||||spa d
010 _a108665
011 _a109637
020 _a9786071203861
040 _cCHAP
082 _a630.71
_bA18
245 1 0 _aActividades de servicio, investigación, docencia y difusión de la cultura del Centro Regional Universitario del Anáhuac 2011-2013 /
_ccompilado por Juan Carlos Cuevas Cruz y Guadalupe Betancourt Ventura.
260 _aChapingo, Méx. :
_bUACH. Dirección de Centros Regionales,
_c2015.
300 _a310 p. :
_bil.
590 _aE5995AHE
_b05
_c20160114
_lUCH01
_h1325
650 1 4 _aAgricultura
_xInvestigación.
_91577
650 1 4 _aDesarrollo rural.
_932067
650 1 4 _aDesarrollo sustentable
_xMéxico.
_932090
650 1 4 _aEducación agrícola.
_935491
650 1 4 _aProgramas de capacitación.
_992376
700 1 _aBetancourt Ventura, José Guadalupe
_ecomp.
_9129283
700 1 _aCuevas Cruz, Juan Carlos
_ecomp.
_930154
901 _aBK
942 _cLIBRO
942 _n0
999 _c108665
_d108665